United States Embassy, Bridgetown, (Record no. 12210)
[ view plain ]
| 000 -LEADER | |
|---|---|
| fixed length control field | 00368 a2200145 4500 |
| 003 - CONTROL NUMBER IDENTIFIER | |
| control field | OSt |
| 005 - DATE AND TIME OF LATEST TRANSACTION | |
| control field | 20240105163354.0 |
| 008 - FIXED-LENGTH DATA ELEMENTS--GENERAL INFORMATION | |
| fixed length control field | 240105b ||||| |||| 00| 0 eng d |
| 020 ## - INTERNATIONAL STANDARD BOOK NUMBER | |
| International Standard Book Number | 9781906155476 |
| 082 ## - DEWEY DECIMAL CLASSIFICATION NUMBER | |
| Classification number | 725.170 |
| 100 ## - MAIN ENTRY--PERSONAL NAME | |
| Personal name | Sorg Architects |
| 245 ## - TITLE STATEMENT | |
| Title | United States Embassy, Bridgetown, |
| Remainder of title | Bridgetown, Barbados |
| 260 ## - PUBLICATION, DISTRIBUTION, ETC. (IMPRINT) | |
| Name of publisher, distributor, etc | ORO Editions |
| Date of publication, distribution, etc | 2013 |
| 942 ## - ADDED ENTRY ELEMENTS (KOHA) | |
| Source of classification or shelving scheme | |
| Withdrawn status | Lost status | Source of classification or shelving scheme | Damaged status | Koha normalized classification for sorting | Not for loan | Permanent location | Current location | Date acquired | Source of acquisition | Cost, normal purchase price | Full call number | Barcode | Date last seen | Cost, replacement price | Price effective from | Koha item type |
|---|---|---|---|---|---|---|---|---|---|---|---|---|---|---|---|---|
| 725_170000000000000 | BMS College of Architecture, Design and Planning | BMS College of Architecture, Design and Planning | 2024-01-18 | 10 | 478.80 | 725.170 | AR-UG3476 | 2024-01-18 | 684.00 | 2024-01-18 | UG Books | |||||
| 725_170000000000000 | BMS College of Architecture, Design and Planning | BMS College of Architecture, Design and Planning | 2024-01-18 | 10 | 478.80 | 725.170 | AR-UG3477 | 2024-01-18 | 684.00 | 2024-01-18 | UG Books | |||||
| 725_170000000000000 | BMS College of Architecture, Design and Planning | BMS College of Architecture, Design and Planning | 2024-01-18 | 10 | 478.80 | 725.170 | AR-UG3478 | 2024-01-18 | 684.00 | 2024-01-18 | UG Books | |||||
| 725_170000000000000 | BMS College of Architecture, Design and Planning | BMS College of Architecture, Design and Planning | 2024-01-18 | 10 | 478.80 | 725.170 | AR-UG3479 | 2024-01-18 | 684.00 | 2024-01-18 | UG Books | |||||
| 725_170000000000000 | BMS College of Architecture, Design and Planning | BMS College of Architecture, Design and Planning | 2024-01-18 | 10 | 478.80 | 725.170 | AR-UG3480 | 2024-01-18 | 684.00 | 2024-01-18 | UG Books |